00516nam a22001937a 450000500170000001000130001702000220003003500130005203700160006504000120008108200110009310000140010424500590011826000460017727000510022330000190027465000160029365000130030920170124110107.0 aA-318865 c00.00a0706937872 aA-318865 bCen Lib/Ret aDPLbEN aSbDAS aDas, J.P. aThe forbidden street and other stories /cby J.P. Das  bVikas Publishing House c1988aNew Delhi  bNew Delhi a576 masjid road, jangpura e110014 a74p.c19cm(Hb) aliterature  aStories